|
|
|
|
| LEADER |
00937nam a22002412a 4500 |
| 001 |
001116113 |
| 003 |
CZ BrMZK |
| 005 |
20180503103605.0 |
| 007 |
ta |
| 008 |
100915s1948 xr er|||||||||||cze d |
| 015 |
|
|
|a cnb000713347
|
| 035 |
|
|
|a (OCoLC)72369844
|
| 040 |
|
|
|a ABA001
|b cze
|c ABA001
|d ABA001
|
| 041 |
1 |
|
|a cze
|h ger
|
| 100 |
1 |
|
|a Knittel, John,
|d 1891-1970
|7 jo20010093671
|4 aut
|
| 245 |
1 |
0 |
|a Via Mala :
|b cesta zla : [román] /
|c John Knittel ; [přeložil z němčiny Bedřich Václavek ; doslov o překladateli napsal Donát Šajner]
|
| 260 |
|
|
|a Praha :
|b Ferdinand Holas,
|c 1948
|
| 300 |
|
|
|a 492, [I] s. ;
|c 8°
|
| 500 |
|
|
|a Obálku nakreslil Jan Černý
|
| 856 |
4 |
1 |
|u http://www.digitalniknihovna.cz/mzk/uuid/uuid:25088970-e0d1-11e3-b110-005056827e51
|y Digitalizovaný dokument
|x NDK
|
| 910 |
|
|
|a BOA001
|b 2-0224.499
|
| 990 |
|
|
|a BK
|
| 996 |
7 |
|
|b 2619614518
|c 2-0224.499
|l MZK
|r Sklad / do 24 hodin
|n 0
|w 001143706
|u 000010
|a 1
|e BOA001
|j MZK50
|s A
|